000 00760nam a22002177a 4500
999 _c14406
_d14406
003 AR-CdUCM
008 190423b ||||| |||| 00| 0 spa d
020 _a978-1-1095-2911-8
040 _aMUNICIPALIDAD PROVINCIAL DEL CUSCO
_cBIBLIOTECA MUNICIPAL DEL CUSCO
082 _aPI / 376.1 /
_bG79
100 _aGreenwell, Jessica
_933164
245 _a¡Toca, toca! este es mi robot /
260 _aLondres :
_bUsborne publishing,
_c2010.
300 _a8 paginas ;
_bIlustraciones,
_c22 cm.
_eCuenta con parlante que emite sonidos.
650 _acuentos infantiles
_926201
650 _aCuentos de robot
_933165
700 _aDurber, Matt
_933166
700 _aAlonso de la Sierra, Gemma (Traducción)
_933119
942 _2ddc
_cLIBROS
945 _awnts
_d2019-04-23